000 00750nas a22002537u 4500
001 Rev336
003 ES-SlBCS
005 20210327222642.0
008 200917c1983 sp bryp 0uuub0spa
017 _aM 27532-1983
_bOficina Depósito Legal Madrid
022 0 _a0212-5978
040 _aES-SlBCS
_bspa
_erdc
222 0 _aRazón española
245 0 0 _aRazón española
_cFundación Balmes
260 _aMadrid :
_bFundación Balmes,
_c1983-
300 _av. ;
_c21 cm
310 _aBimestral
362 0 _aN. 1 (oct.-nov. 1983)-
650 0 4 _aDifusión Cultura
_vPublicaciones periódicas
_91833
710 2 _aFundación Balmes (Madrid, España)
_91834
866 _a1984-
942 _cREV
_s1
_2lcc
999 _c211538
_d211538